Ukraine : Technical Assistance Report-A Follow-Up on Distributed Profit Tax, BEPS Implementation, Voluntary Disclosure Program, and Indirect Methods for Determining Taxable Income.

Tax policy in Ukraine is engaged in two fronts at once. On one front, very significant work has been done over the years on the gradual improvement and updating of the tax system; on the other, it questions essential tenets of the existing system, exploring fundamental changes to it. While serious e...

Ausführliche Beschreibung

Bibliographische Detailangaben
Körperschaft: International Monetary Fund. Fiscal Affairs Dept
Format: Zeitschrift
Sprache:English
Veröffentlicht: Washington, D.C. : International Monetary Fund, 2020.
Schriftenreihe:IMF Staff Country Reports; Country Report ; No. 2020/302
Online Zugang:Full text available on IMF
LEADER 02060cas a2200241 a 4500
001 AALejournalIMF021365
008 230101c9999 xx r poo 0 0eng d
020 |c 5.00 USD 
020 |z 9781513561400 
022 |a 1934-7685 
040 |a BD-DhAAL  |c BD-DhAAL 
110 2 |a International Monetary Fund.  |b Fiscal Affairs Dept. 
245 1 0 |a Ukraine :   |b Technical Assistance Report-A Follow-Up on Distributed Profit Tax, BEPS Implementation, Voluntary Disclosure Program, and Indirect Methods for Determining Taxable Income. 
264 1 |a Washington, D.C. :  |b International Monetary Fund,  |c 2020. 
300 |a 1 online resource (82 pages) 
490 1 |a IMF Staff Country Reports 
500 |a <strong>Off-Campus Access:</strong> No User ID or Password Required 
500 |a <strong>On-Campus Access:</strong> No User ID or Password Required 
506 |a Electronic access restricted to authorized BRAC University faculty, staff and students 
520 3 |a Tax policy in Ukraine is engaged in two fronts at once. On one front, very significant work has been done over the years on the gradual improvement and updating of the tax system; on the other, it questions essential tenets of the existing system, exploring fundamental changes to it. While serious efforts have been devoted, for example, to the modernization of the international aspects of the income tax, upgrading the regime to OECD standards, there is a strong push from some quarters of the policy debate to do away with the Corporate Profit Tax (CPT) altogether. The central idea is to replace it with a Distributed Profit Tax (DPT), generally referred to in Ukraine as the Exit Capital Tax (ECT). In essence, this system would not tax profits as they accrue to the corporation, deferring the tax to when the corporation distributes dividends to the shareholder. 
538 |a Mode of access: Internet 
830 0 |a IMF Staff Country Reports; Country Report ;  |v No. 2020/302 
856 4 0 |z Full text available on IMF  |u http://elibrary.imf.org/view/journals/002/2020/302/002.2020.issue-302-en.xml  |z IMF e-Library